Synthesis of poly(l-lactic acid)-hydroxyapatite composite as material for 3d printing of bone tissue growth stimulating implants; 6th International Congress on Energy Fluxes and Radiation Effects; 3rd International Conference on New Materials and High Technologies (3rd NMHT), November 2018

Bibliografiske detaljer
Parent link:6th International Congress on Energy Fluxes and Radiation Effects: abstracts, Tomsk, September 16-22, 2018
3rd International Conference on New Materials and High Technologies (3rd NMHT), November 2018.— 2018.— [P. 655]
Hovedforfatter: Dubinenko G. E. Gleb Evgenjevich
Institution som forfatter: Национальный исследовательский Томский политехнический университет Инженерная школа ядерных технологий Лаборатория плазменных гибридных систем
Andre forfattere: Zinovjev A. V. Aleksandr Valerievich, Bolbasov E. N. Evgeny Nikolaevich
Summary:Title screen
Sprog:engelsk
Udgivet: 2018
Fag:
Online adgang:http://efre2018.hcei.tsc.ru/publication/abstract.html
Format: MixedMaterials Electronisk Book Chapter
KOHA link:https://koha.lib.tpu.ru/cgi-bin/koha/opac-detail.pl?biblionumber=660008

MARC

LEADER 00000naa0a2200000 4500
001 660008
005 20250828094715.0
035 |a (RuTPU)RU\TPU\network\28887 
035 |a RU\TPU\network\28882 
090 |a 660008 
100 |a 20190416d2018 k||y0engy50 ba 
101 0 |a eng 
102 |a RU 
135 |a drcn ---uucaa 
181 0 |a i  
182 0 |a b 
200 1 |a Synthesis of poly(l-lactic acid)-hydroxyapatite composite as material for 3d printing of bone tissue growth stimulating implants  |f G. E. Dubinenko, A. L. Zinovjev, E. N. Bolbasov 
203 |a Text  |c electronic 
300 |a Title screen 
320 |a [References: 4 tit.] 
461 1 |t 6th International Congress on Energy Fluxes and Radiation Effects  |o abstracts, Tomsk, September 16-22, 2018 
463 1 |t 3rd International Conference on New Materials and High Technologies (3rd NMHT), November 2018  |o [Pages 559_666 3NMHT ]  |v [P. 655]  |d 2018 
610 1 |a электронный ресурс 
610 1 |a труды учёных ТПУ 
610 1 |a 3D-печать 
610 1 |a имплантанты 
610 1 |a костная ткань 
700 1 |a Dubinenko  |b G. E.  |c Specialist in the field of material science  |c Engineer of Tomsk Polytechnic University  |f 1992-  |g Gleb Evgenjevich  |3 (RuTPU)RU\TPU\pers\42578  |9 21551 
701 1 |a Zinovjev  |b A. V.  |c specialist in the field of material science  |c engineer of Tomsk Polytechnic University  |f 1990-  |g Aleksandr Valerievich  |3 (RuTPU)RU\TPU\pers\36372  |9 19443 
701 1 |a Bolbasov  |b E. N.  |c physicist  |c Senior Researcher at Tomsk Polytechnic University, Candidate of Technical Sciences  |f 1981-  |g Evgeny Nikolaevich  |3 (RuTPU)RU\TPU\pers\30857  |9 15103 
712 0 2 |a Национальный исследовательский Томский политехнический университет  |b Инженерная школа ядерных технологий  |b Лаборатория плазменных гибридных систем  |3 (RuTPU)RU\TPU\col\23381 
801 2 |a RU  |b 63413507  |c 20200922  |g RCR 
856 4 |u http://efre2018.hcei.tsc.ru/publication/abstract.html 
942 |c CF